Prueba de la India - Estadísticas

Estadísticas generales
  • Esta prueba ha sido intentada 2.678 veces
  • La puntuación promedio es 14 de 30
Estadísticas de respuestas
Pista Respuesta % Correcto
Las religiones más comunes Hinduismo
84%
Las religiones más comunes Islam
84%
El animal más sagrado de la religión #1 Vaca
79%
Las religiones más comunes Cristiandad
74%
Apodo para la industria cinematográfica india Bollywood
71%
El deporte más popular Críquet
71%
La cordillera más alta Himalaya
68%
Líder de la independencia de la India de Gran Bretaña Mohandas Gandhi
68%
Las ciudades más grandes Delhi
67%
Monumento más famoso (en Agra) Taj Mahal
67%
Los primeros idiomas más comunes Hindi
65%
Número que fue "inventado" en la India Cero
64%
Moneda Rupia
61%
Las ciudades más grandes Bombay
59%
Los ríos más largos Ganges
59%
Las ciudades más grandes Calcuta
56%
Animal nacional Tigre de Bengala
45%
El título dado a la respuesta anterior, que significa "Gran Alma" Mahatma
33%
Región en disputa con el Pakistán y China Cachemira
31%
Prendas de vestir tipo toga usadas por las mujeres Sari
29%
Los ríos más largos Indo
28%
La "Gran Trinidad" de los dioses en la religión #1 Shiva
27%
Los primeros idiomas más comunes Bengalí
26%
La "Gran Trinidad" de los dioses en la religión #1 Brahma
24%
La "Gran Trinidad" de los dioses en la religión #1 Visnú
22%
Los primeros idiomas más comunes Tamil
20%
Las religiones más comunes Sijismo
18%
Los primeros idiomas más comunes Maratí
7%
Los primeros idiomas más comunes Telugu
7%
La casta más alta de la religión #1 Bráhmana
4%
No se encontraron pruebas coincidentes
Distribución de puntuación
Porcentaje de gente con cada puntuación
Porcentaje por número respondido
Historial de tus puntuaciones
No has intentado esta prueba.